00273nam a2200109Ia 450010000240000024500850002426000120010926000110012126000090013230000070014165000150014810aWeerakoon Sudharaka aHistorical Review of the Diploma in Laboratory Technology Programme in Chemistry aColombo bIchemc c2015 a57 aLaboratory